000 00474cam a2200181ua 4500
003 OSt
008 250619b |||||||| |||| 00| 0 eng d
041 _aeng
082 _a624.1834
_bKUL/TE
100 _aKulkarni, P D .
_97586
245 _aText book of concrete technology /
250 _a1 /
260 _aNew Delhi :
_bOxford & IBH Publishing company ,
_c1983.
300 _a320 ; .
700 1 _aGhosh, R K .
_97587
700 1 _aPhull, Y R .
_97588
942 _cBK
999 _c2143
_d2143